Cuestion de límites : cuatro ejemplos de estéticas fronterizas Cervantes, Velázquez, Goya, el cine (Registro nro. 45567)
[ vista simple ]
| 001 - NÚMERO DE CONTROL | |
|---|---|
| campo de control | 15695 |
| 005 - FECHA Y HORA DE LA ÚLTIMA TRANSACCIÓN | |
| campo de control | 20260504075104.0 |
| 008 - DATOS DE LONGITUD FIJA--INFORMACIÓN GENERAL | |
| campo de control de longitud fija | 960313s1963 spa |
| 035 ## - NÚMERO DE CONTROL DEL SISTEMA | |
| Número de control de sistema | 15695 |
| 035 ## - NÚMERO DE CONTROL DEL SISTEMA | |
| Número de control de sistema | (OCoLC)778012255 |
| 040 ## - FUENTE DE LA CATALOGACIÓN | |
| Centro/agencia transcriptor | comduadb |
| 041 ## - CÓDIGO DE LENGUA | |
| Código de lengua del texto/banda sonora o título independiente | spa |
| 082 #4 - NÚMERO DE LA CLASIFICACIÓN DECIMAL DEWEY | |
| Número de clasificación | 809 |
| 100 10 - ENTRADA PRINCIPAL--NOMBRE DE PERSONA | |
| Nombre de persona | Diaz Plaja, Guilermo |
| Código de función | aut |
| Término indicativo de función/relación | Autor/a |
| 9 (RLIN) | 248446 |
| 245 10 - MENCIÓN DE TÍTULO | |
| Título | Cuestion de límites : cuatro ejemplos de estéticas fronterizas Cervantes, Velázquez, Goya, el cine |
| 250 ## - MENCIÓN DE EDICIÓN | |
| Mención de edición | 1. edición |
| 260 ## - PUBLICACIÓN, DISTRIBUCIÓN, ETC. | |
| Lugar de publicación, distribución, etc. | Barcelona : |
| Nombre del editor, distribuidor, etc. | Revista de Occidente, |
| Fecha de publicación, distribución, etc. | 1963. |
| 300 ## - DESCRIPCIÓN FÍSICA | |
| Extensión | 232 páginas. |
| 505 ## - NOTA DE CONTENIDO CON FORMATO | |
| Nota de contenido con formato | CONENIDO : I: El "Quijote" como situación teatral. -- II: Velázquez, tema literario. -- III: Gota, como actitud mental. -- IV: El cine dentro de las bellas artes. |
| 600 17 - PUNTO DE ACCESO ADICIONAL DE MATERIA--NOMBRE DE PERSONA | |
| Nombre de persona | Goya, Francisco de, |
| Fechas asociadas al nombre | 1746-1828 |
| Fuente del encabezamiento o término | embne |
| 9 (RLIN) | 476284 |
| 600 14 - PUNTO DE ACCESO ADICIONAL DE MATERIA--NOMBRE DE PERSONA | |
| Nombre de persona | Cervantes Saavedra, Miguel de, |
| Fechas asociadas al nombre | 1547-1616 |
| 9 (RLIN) | 239321 |
| 650 ## - PUNTO DE ACCESO ADICIONAL DE MATERIA--TÉRMINO DE MATERIA | |
| Término de materia o nombre geográfico como elemento de entrada | Velázquez, Diego Rodríguez de Silva y 1599-1660 |
| 9 (RLIN) | 53080 |
| 942 ## - ELEMENTOS DE ENTRADA AGREGADA (KOHA) | |
| Tipo de ítem Koha | Libros |
| Estado de retiro | Estado de pérdida | Estado dañado | No para préstamo | Código de colección | Localización permanente | Ubicación/localización actual | Fecha de adquisición | Número de inventario | Total de préstamos | Signatura topográfica completa | Código de barras | Fecha visto por última vez | Número de copia | Precio válido a partir de | Tipo de ítem Koha |
|---|---|---|---|---|---|---|---|---|---|---|---|---|---|---|---|
| Colección de Literatura (Piso 1) | Biblioteca Carlos Gaviria Díaz, Campus Medellín | Biblioteca Carlos Gaviria Díaz, Campus Medellín | 21/11/1997 | C18689 | 809 D542c | 61000001193917 | 21/04/2023 | 1 | 21/04/2023 | Libros |